| 000 | 00698nam a2200217Ia 4500 | ||
|---|---|---|---|
| 003 | GCL | ||
| 008 | 140319s9999 xx 000 0 ara d | ||
| 040 |
_aGCL / _cGCL |
||
| 082 | 0 | 4 |
_a338.9 _bم م |
| 100 | 1 | _aصبحى تادرس فريد | |
| 245 | 1 | 0 |
_aمقدمة فى التنمية والتخطيط / _cصبحى تادرس فريد |
| 700 | 1 | _aمحمد عبدالعزيز عجمية | |
| 700 | 1 | _aصبحى تادرس قريصة | |
| 700 | 1 | _aمدحت محمد العقاد | |
| 300 | _a54 ص | ||
| 490 |
_a100 قصة _v0 |
||
| 650 | 0 | 4 | _aالتخطيط الاقتصادى |
| 650 | 0 | 4 | _aالتنمية الاقتصادية |
| 650 | 0 | 4 | _aالموارد الطبيعية |
| 942 |
_2ddc _cBK |
||
| 999 |
_c45683 _d45683 |
||